00794nam a2200253 a 450000100060000000300080000600500170001400800410003102000160007203500190008804000270010704100080013408200250014210000450016724500920021225000140030426000450031830000350036350000200039865000420041865000440046070000170050470000190052159084BD-RjUL20211209080707.0161221s1988 ii k 001 0 eng  a8185029776  a(BD-RjUL)59208 aDLCcDLCdBD-RjULbeng aeng00a345.54223bAIL 19881 aAiyar, S. K.q(S. Krishnamurthi),d1906-10aAiyar's law and practice of arms and explosives :b(with rules and other allied laws) / a10th ed.  aAllahabad, India :bLaw Book Co.,c1988. axlix, 986 p. :bill. ;c25 cm. aIncludes index. 0aFirearmsxLaw and legislationzIndia. 0aExplosivesxLaw and legislationzIndia.1 aSinha, B. N.1 aBagga, Rakesh.